Los movimientos sociales y la izquierda en México : 150 años de lucha /

Estudio sobre las luchas sociales que promovieron organizaciones y partidos políticos de izquierda en México en el último siglo y medio. Se recorren las distintas fases y corrientes de pensamiento de la izquierda, desde el socialismo-marxismo, pasando por el magonismo y el cardenismo liberal, hasta...

תיאור מלא

שמור ב:
מידע ביבליוגרפי
מחבר ראשי: Mayo Ventura, Félix de Baloy (autor)
פורמט: ספר
שפה:ספרדית
יצא לאור: México : Siglo XXI, 2020, c2020
סדרה:(Historia Siglo XXI)
נושאים:
תגים: הוספת תג
אין תגיות, היה/י הראשונ/ה לתייג את הרשומה!

MARC

LEADER 00000nam^a2200000^a^4500
001 000575453
005 20250521000000.0
009 20260310132409.41
020 |a 978-607-03-1072-0 
037 |a Acervo ITESO - Biblioteca 
041 |a ESP 
082 |a 322.  |b MAY 
100 |a Mayo Ventura, Félix de Baloy  |e (autor) 
245 1 4 |a Los movimientos sociales y la izquierda en México :  |b 150 años de lucha /  |c F.B. Mayo Ventura. 
264 4 |a México :  |b Siglo XXI,  |c 2020, c2020 
300 |a 306 p. 
336 |a texto  |b txt  |2 rdacontenido 
337 |a sin mediación  |b n  |2 rdamedio 
338 |a volumen  |b nc  |2 rdasoporte 
440 1 |a (Historia Siglo XXI) 
520 |a Estudio sobre las luchas sociales que promovieron organizaciones y partidos políticos de izquierda en México en el último siglo y medio. Se recorren las distintas fases y corrientes de pensamiento de la izquierda, desde el socialismo-marxismo, pasando por el magonismo y el cardenismo liberal, hasta más reciente el movimiento zapatista. 
521 |a Peticiones 2024 
610 |a Ejército Zapatista de Liberación Nacional 
649 |a XX 
650 |a Partidos de Izquierda -  |z México -  |x Historia 
650 |a Partidos Políticos -  |z México -  |x Historia 
650 |a Izquierda, La -  |z México -  |x Historia -  |x Tema Principal 
650 |a Lucha de Clases -  |z México -  |x Historia -  |x Tema Principal 
650 |a Sindicalismo -  |z México -  |x Historia 
650 |a Movimientos Campesinos -  |z México -  |x Historia 
650 |a Movimientos Estudiantiles -  |z México -  |x Historia 
650 |a Movimientos Políticos -  |z México -  |x Historia 
650 |a Movimientos Sociales -  |z México -  |x Historia -  |x Tema Principal 
650 |a Maoísmo -  |z México -  |x Historia 
650 |a Trotskismo -  |z México -  |x Historia 
650 |a Estalinismo -  |z México -  |x Historia 
650 |a Anarquismo -  |z México -  |x Historia 
650 |a Socialismo Utópico -  |z México -  |x Historia 
650 |a Socialismo -  |z México -  |x Historia 
650 |a Marxismo -  |z México -  |x Historia y Crítica 
650 |a Política -  |z México -  |x Historia 
910 |a Fondo General 
920 |a Impresos - Libros 
930 |a Colección General 
905 |a 101 
901 |a 0500402761  |b IT1  |c ACC  |i C184714  |u 20250521 
902 |a https://opac.biblio.iteso.mx/vufind/Record/000575453